000 00521nam a22001697a 4500
005 20251108164240.0
008 250721s1970 xx 000 0 ara d
082 1 4 _a792/هوا
100 1 _aهوايتنج، فرانك م.
245 1 0 _aالمدخل إلى الفنون المسرحيه /
264 1 _aالقاهره :
_bدار المعرفه،
_c1970.
300 _a473ص : مص ، كشاف تحليلي
650 1 7 _aالمسرح
700 1 _aيوسف، كامل
_eترجمة
942 _2ddc
_cBK
999 _c7431
_d7431